000 00719nam a2200253Ia 4500
003 OSt
005 20220927112108.0
006 a|||||r|||| 00| 0
007 ta
008 220926b |||||||| |||| 00| 0 eng d
024 _a103374
037 _cReports
040 _aRTL
_cRTL
_beng
041 _2eng
_aeng
082 _a"z.236.N66t5, K5"
110 _a"Punjab, Planning(Deptt)"
_9383102
245 0 _a"Draft outline, fourth five year plan Punjab state"
260 _aChandigarh
_bThe Author India
_c1965
300 _a220p.
_ccm.
650 _aGeneralia
700 _a"Punjab, Planning(Deptt)"
_9383103
942 _h"z.236.N66t5, K5"
_cCC
999 _c699795
_d699795